Estatísticas para Suíça

Clique aqui para jogar o quiz

Estatísticas Gerais

  • Esse quiz foi jogado 34 vezes
  • A pontuação média é 9 de 13

Estatísticas das Respostas

HintResposta% Correto
Qual é a sua capital?Berna
100%
Onde fica?Europa
96%
Quantos idiomas são falados no país?4
92%
Qual é a sua cidade mais populosa?Zurique
92%
Por que tipos de doces é famoso o país?Chocolate
88%
Qual é a sua moeda?Franco suíço
84%
Qual é a sua religião?Cristianismo
76%
Que famoso tenista nasceu no país?Roger Federer
76%
Que famosa marca de chocolate tem sede no país?Nestlé
56%
Qual é o desporto mais popular?Esqui
32%
Qual é o prato nacional do país?Fondue
32%
Que famosa marca de relógios tem sede no país?Swatch
24%
Qual é o seu código ISO!CHE
20%

Distribuição das Pontuações

Percentil de Números Respondidos

Porcentagem de Pessoas com Cada Pontuação

Sua Pontuação Histórica

Você não jogou esse quiz